[Event "5. Bayer Open"]
[Site "Leverkusen"]
[Date "2008.01.28"]
[Round "2"]
[White "Gnass, Arno"]
[Black "Reinemer, Frank"]
[Result "0-1"]
[WhiteElo "1639"]
[BlackElo "2131"]
[PlyCount "84"]
[EventDate "2008.01.14"]
[EventType "swiss"]
[EventRounds "7"]
[EventCountry "GER"]
[Source "Birnkott,Manfre"]
[SourceDate "2008.04.23"]

1. d4 f5 2. g3 Nf6 3. Bg2 g6 4. Nf3 Bg7 5. O-O d6 6. c4 O-O 7. Nc3 Qe8 8. Qb3
c6 9. a4 h6 10. Re1 g5 11. Nd2 Kh8 12. d5 Na6 13. e4 Nc5 14. Qc2 fxe4 15. Ndxe4
Qg6 16. Be3 Ncxe4 17. Nxe4 cxd5 18. cxd5 Nxd5 19. Bd2 Nf6 20. Qb3 Rb8 21. Rac1
Nxe4 22. Bxe4 Qf6 23. Bc3 Qxf2+ 24. Kh1 Bh3 25. Bxg7+ Kxg7 26. Qc3+ Qf6 27. Qb4
b6 28. Bg2 Bxg2+ 29. Kxg2 Rbc8 30. Qd2 Rxc1 31. Rxc1 Qf3+ 32. Kg1 Rf7 33. Qd4+
Qf6 34. Qxf6+ Kxf6 35. Kg2 e5 36. Kf3 Ke6+ 37. Kg4 Kd5 38. Kh5 Rf6 39. Rc7 e4
40. Rxa7 e3 41. Rc7 e2 42. Rc1 Rf1 0-1

[Event "5. Bayer Open"]
[Site "Leverkusen"]
[Date "2008.01.28"]
[Round "2"]
[White "Lommen, Frank"]
[Black "Schüppen, Heinrich"]
[Result "1-0"]
[WhiteElo "2025"]
[BlackElo "1696"]
[PlyCount "67"]
[EventDate "2008.01.14"]
[EventType "swiss"]
[EventRounds "7"]
[EventCountry "GER"]
[Source "Birnkott,Manfre"]
[SourceDate "2008.04.23"]

1. Nf3 Nf6 2. c4 c5 3. g3 g6 4. Bg2 Bg7 5. Nc3 Nc6 6. d4 cxd4 7. Nxd4 O-O 8.
O-O a6 9. Nc2 Re8 10. e4 d6 11. h3 Nd7 12. Bd2 Nde5 13. Qe2 Be6 14. b3 Nd7 15.
Kh2 Nd4 16. Nxd4 Bxd4 17. Rac1 f6 18. Qd3 Bb6 19. f4 Nc5 20. Qe2 Bf7 21. Nd5
Bxd5 22. exd5 Kg7 23. Bc3 e6 24. dxe6 Rxe6 25. Qc2 Qe8 26. Rce1 Rxe1 27. Rxe1
Qd7 28. Qe2 Kf8 29. Bxf6 Kf7 30. Bd5+ Kxf6 31. Qb2+ Kf5 32. Re5+ Kf6 33. Re6+
Kf5 34. Qf6# 1-0

[Event "5. Bayer Open"]
[Site "Leverkusen"]
[Date "2008.01.28"]
[Round "2"]
[White "Witte, Thomas"]
[Black "Peschel, Andreas"]
[Result "0-1"]
[WhiteElo "1645"]
[BlackElo "2099"]
[PlyCount "92"]
[EventDate "2008.01.14"]
[EventType "swiss"]
[EventRounds "7"]
[EventCountry "GER"]
[Source "Birnkott,Manfre"]
[SourceDate "2008.04.23"]

1. e4 g6 2. f4 Bg7 3. Nf3 c6 4. Nc3 d5 5. e5 Bg4 6. h3 Bxf3 7. Qxf3 Nh6 8. g4
Qb6 9. b3 Na6 10. Na4 Qa5 11. Bxa6 Qxa6 12. Nc5 Qa5 13. Nd3 f6 14. e6 f5 15.
Bb2 fxg4 16. hxg4 d4 17. Qe4 O-O-O 18. Ne5 Qd5 19. Qxd5 Rxd5 20. Rxh6 Bxh6 21.
Nf7 Bg7 22. Nxh8 Bxh8 23. O-O-O h5 24. Rh1 Bg7 25. g5 Rf5 26. Rf1 Be5 27. Kd1
c5 28. b4 cxb4 29. d3 Rxf4 30. Re1 Bd6 31. Bc1 Rf5 32. Re4 Rf1+ 33. Re1 Rxe1+
34. Kxe1 Kc7 35. Kf2 Kc6 36. Kf3 Kd5 37. Bd2 Kxe6 38. Ke4 Bc5 39. Be1 Kd6 40.
Bg3+ Kc6 41. Bf2 Kb5 42. Bxd4 Bxd4 43. Kxd4 Kc6 44. Ke5 Kc5 45. d4+ Kc4 46. d5
h4 0-1

[Event "5. Bayer Open"]
[Site "Leverkusen"]
[Date "2008.01.28"]
[Round "2"]
[White "Hirth, Ulrich"]
[Black "Huppertz, Andrea"]
[Result "1-0"]
[WhiteElo "2208"]
[BlackElo "1719"]
[PlyCount "97"]
[EventDate "2008.01.14"]
[EventType "swiss"]
[EventRounds "7"]
[EventCountry "GER"]
[Source "Birnkott,Manfre"]
[SourceDate "2008.04.23"]

1. d4 d5 2. Nf3 Bg4 3. c4 c6 4. cxd5 cxd5 5. Qb3 Bxf3 6. Qxb7 Nd7 7. exf3 Qc8
8. Qxc8+ Rxc8 9. Nc3 e6 10. Bf4 Bb4 11. Kd2 Ne7 12. a3 Ba5 13. Ba6 Rd8 14. Kd3
O-O 15. b4 Bb6 16. Na4 Nf5 17. Nxb6 Nxb6 18. Rac1 Nd6 19. Bxd6 Rxd6 20. Rc7 Ra8
21. Rhc1 g6 22. R1c6 Rxc6 23. Rxc6 Rd8 24. Rc7 Rd7 25. Rxd7 Nxd7 26. a4 Kf8 27.
a5 Ke7 28. Bb5 Nb8 29. Ke3 Kd6 30. Be8 Ke7 31. Ba4 Kd6 32. b5 Kc7 33. h4 f6 34.
Bc2 Nd7 35. g4 Nf8 36. g5 Nd7 37. gxf6 Nxf6 38. Kf4 Kd6 39. Kg5 Nd7 40. f4 Kc7
41. Ba4 Nb8 42. Kf6 Kd6 43. Kg7 Ke7 44. b6 axb6 45. axb6 Na6 46. Bb5 Nb8 47.
Kxh7 Kf7 48. b7 Kf6 49. Bd3 1-0

[Event "5. Bayer Open"]
[Site "Leverkusen"]
[Date "2008.01.28"]
[Round "2"]
[White "Karwatzki, Hans-Jürgen"]
[Black "Werbeck, Torsten"]
[Result "0-1"]
[WhiteElo "1601"]
[BlackElo "2083"]
[PlyCount "82"]
[EventDate "2008.01.14"]
[EventType "swiss"]
[EventRounds "7"]
[EventCountry "GER"]
[Source "Birnkott,Manfre"]
[SourceDate "2008.04.23"]

1. e4 g6 2. d4 Bg7 3. Be3 d6 4. Bd3 c5 5. c3 Nd7 6. Ne2 Ngf6 7. f3 Qc7 8. Nd2
Rb8 9. Rc1 O-O 10. O-O b5 11. Bb1 a5 12. h4 h5 13. Bg5 Ba6 14. Re1 cxd4 15.
cxd4 Qb6 16. Kh1 Rbc8 17. Nf1 e6 18. Qd2 b4 19. Nfg3 Nh7 20. Be3 Qb5 21. Nf4
Nhf6 22. Rxc8 Rxc8 23. Rc1 Qb7 24. Bd3 Rxc1+ 25. Qxc1 Bxd3 26. Nxd3 Ne8 27. Nf4
Qc7 28. Qd2 Qd8 29. Nfe2 Qxh4+ 30. Kg1 Qd8 31. f4 Qa8 32. Qc2 Ndf6 33. Qa4 h4
34. e5 hxg3 35. exf6 Nxf6 36. Nxg3 Ng4 37. Qb3 a4 38. Qd3 Qd5 39. Ne2 Nxe3 40.
Qxe3 Qxa2 41. Qc1 a3 0-1

[Event "5. Bayer Open"]
[Site "Leverkusen"]
[Date "2008.01.28"]
[Round "2"]
[White "Wolfradt, Dirk"]
[Black "Görke, Joachim"]
[Result "1/2-1/2"]
[WhiteElo "2063"]
[BlackElo "2103"]
[PlyCount "60"]
[EventDate "2008.01.14"]
[EventType "swiss"]
[EventRounds "7"]
[EventCountry "GER"]
[Source "Birnkott,Manfre"]
[SourceDate "2008.04.23"]

1. d4 d5 2. c4 e6 3. Nc3 c5 4. cxd5 exd5 5. Nf3 Nc6 6. Bf4 Nf6 7. Rc1 c4 8. e3
Bb4 9. Be2 b5 10. O-O Bxc3 11. bxc3 O-O 12. Qc2 Ne4 13. Nd2 Nxd2 14. Qxd2 Bf5
15. Qb2 Qb6 16. Bf3 Rfd8 17. Rfe1 b4 18. e4 dxe4 19. Bxe4 Bxe4 20. Rxe4 b3 21.
axb3 cxb3 22. Rb1 Na5 23. h3 Rac8 24. Re7 Qf6 25. Rxa7 Nc4 26. Be5 Qb6 27. Qa1
Nd2 28. Rb2 Nc4 29. Rb1 Nd2 30. Rb2 Nc4 1/2-1/2

[Event "5. Bayer Open"]
[Site "Leverkusen"]
[Date "2008.01.28"]
[Round "2"]
[White "Vasiljev, Jurij"]
[Black "Burgmer, Hubertus"]
[Result "1-0"]
[WhiteElo "2062"]
[BlackElo "1663"]
[PlyCount "57"]
[EventDate "2008.01.14"]
[EventType "swiss"]
[EventRounds "7"]
[EventCountry "GER"]
[Source "Birnkott,Manfre"]
[SourceDate "2008.04.23"]

1. d4 Nf6 2. c4 c5 3. d5 e6 4. Nc3 exd5 5. cxd5 d6 6. Nf3 g6 7. e4 Bg7 8. Be2
O-O 9. O-O Re8 10. Qc2 Bg4 11. h3 Bd7 12. Bf4 Qc7 13. Rad1 a6 14. a4 Nh5 15.
Bh2 Bxc3 16. bxc3 b5 17. e5 Ng7 18. exd6 Qb6 19. Ne5 Bf5 20. Qd2 f6 21. Ng4 Nd7
22. Rfe1 Qa5 23. Nh6+ Kf8 24. g4 Be4 25. f3 Qxa4 26. fxe4 Rxe4 27. Bd3 Ree8 28.
Re7 Ne5 29. Bxe5 1-0

[Event "5. Bayer Open"]
[Site "Leverkusen"]
[Date "2008.01.28"]
[Round "2"]
[White "Depping, Thomas"]
[Black "Pützkaul, Karl"]
[Result "1/2-1/2"]
[WhiteElo "1601"]
[BlackElo "1853"]
[PlyCount "47"]
[EventDate "2008.01.14"]
[EventType "swiss"]
[EventRounds "7"]
[EventCountry "GER"]
[Source "Birnkott,Manfre"]
[SourceDate "2008.04.23"]

1. d4 Nf6 2. Bg5 e6 3. e3 b6 4. Bd3 Bb7 5. Nf3 Be7 6. Nbd2 O-O 7. Qe2 c5 8. c3
Nc6 9. O-O cxd4 10. exd4 h6 11. Bxf6 Bxf6 12. Ne4 d6 13. Rad1 Qe7 14. Rfe1 Rad8
15. Bb1 g6 16. Nxf6+ Qxf6 17. Qe3 Qg7 18. Be4 Ba8 19. Nd2 Ne7 20. f4 Bxe4 21.
Qxe4 d5 22. Qe5 Qxe5 23. fxe5 b5 24. a3 1/2-1/2

[Event "5. Bayer Open"]
[Site "Leverkusen"]
[Date "2008.01.28"]
[Round "2"]
[White "Fröhling, Ewald"]
[Black "Ziabari, Morteza"]
[Result "0-1"]
[WhiteElo "1559"]
[BlackElo "1807"]
[PlyCount "86"]
[EventDate "2008.01.14"]
[EventType "swiss"]
[EventRounds "7"]
[EventCountry "GER"]
[Source "Birnkott,Manfre"]
[SourceDate "2008.04.23"]

1. e4 d6 2. d4 Nf6 3. Nc3 c6 4. h3 Qc7 5. Nf3 e5 6. dxe5 dxe5 7. Bc4 b5 8. Bb3
b4 9. Ne2 Nxe4 10. O-O Ba6 11. Ng5 Nxg5 12. Bxg5 h6 13. Bh4 Be7 14. Bg3 Nd7 15.
Re1 Rd8 16. Qc1 O-O 17. c3 Kh8 18. Nd4 Bg5 19. Qc2 Qb6 20. Nf3 bxc3 21. Nxg5
hxg5 22. Qxc3 f6 23. Qf3 g6 24. Rac1 Nc5 25. Bc2 Bd3 26. Red1 Qxb2 27. Bxd3
Rxd3 28. Qxc6 Qb6 29. Qxb6 axb6 30. Re1 Ra8 31. Rb1 Ra6 32. Rb2 Rxg3 33. fxg3
Nd3 34. Rbe2 Nxe1 35. Rxe1 Rxa2 36. Rd1 Rb2 37. Rd6 Kg7 38. Rd7+ Kh6 39. Rd6 f5
40. Re6 e4 41. g4 Kg7 42. Rc6 f4 43. Rc7+ Kh6 0-1

[Event "5. Bayer Open"]
[Site "Leverkusen"]
[Date "2008.01.28"]
[Round "2"]
[White "Hingst, Dieter Max Otto"]
[Black "Weinmann-Musset, Manfred"]
[Result "0-1"]
[WhiteElo "986"]
[BlackElo "1854"]
[PlyCount "48"]
[EventDate "2008.01.14"]
[EventType "swiss"]
[EventRounds "7"]
[EventCountry "GER"]
[Source "Birnkott,Manfre"]
[SourceDate "2008.04.23"]

1. e4 c5 2. Nf3 d6 3. Nc3 Nc6 4. Bc4 e6 5. d4 cxd4 6. Nxd4 Be7 7. Nxc6 bxc6 8.
O-O h5 9. f4 Qb6+ 10. Rf2 Nf6 11. h3 d5 12. exd5 exd5 13. Na4 Qb4 14. Bb3 Ne4
15. Rf3 Bg4 16. hxg4 hxg4 17. c3 Qd6 18. f5 Qh2+ 19. Kf1 Qh1+ 20. Ke2 Qxg2+ 21.
Rf2 Qxf2+ 22. Kd3 Rh3+ 23. Be3 Rxe3+ 24. Kd4 Bf6# 0-1

[Event "5. Bayer Open"]
[Site "Leverkusen"]
[Date "2008.01.28"]
[Round "2"]
[White "Simon, Martin"]
[Black "Granz, Thomas"]
[Result "1-0"]
[WhiteElo "1941"]
[BlackElo "1641"]
[PlyCount "55"]
[EventDate "2008.01.14"]
[EventType "swiss"]
[EventRounds "7"]
[EventCountry "GER"]
[Source "Birnkott,Manfre"]
[SourceDate "2008.04.23"]

1. Nf3 Nc6 2. c4 e5 3. Nc3 Bc5 4. e3 d6 5. d4 exd4 6. exd4 Bb6 7. Be2 Bg4 8.
O-O Nge7 9. h3 Bxf3 10. Bxf3 O-O 11. d5 Ne5 12. Be4 Nxc4 13. Bxh7+ Kxh7 14.
Qd3+ Ng6 15. Qxc4 Qh4 16. Qxh4+ Nxh4 17. Bd2 Nf5 18. Rac1 Rfe8 19. Rfe1 Re5 20.
Bf4 Ree8 21. Kf1 Nd4 22. Be3 Rac8 23. Red1 Nf5 24. Bxb6 axb6 25. g4 Ne7 26. Nb5
Nxd5 27. Rxd5 c6 28. Rh5+ 1-0

[Event "5. Bayer Open"]
[Site "Leverkusen"]
[Date "2008.01.28"]
[Round "2"]
[White "Lessing, Sebastian"]
[Black "Krämer, Detlef"]
[Result "0-1"]
[WhiteElo "1614"]
[BlackElo "1882"]
[PlyCount "72"]
[EventDate "2008.01.14"]
[EventType "swiss"]
[EventRounds "7"]
[EventCountry "GER"]
[Source "Birnkott,Manfre"]
[SourceDate "2008.04.23"]

1. e4 e6 2. d4 d5 3. exd5 exd5 4. Bd3 Bd6 5. c3 c6 6. Ne2 Qc7 7. Be3 Ne7 8. Nd2
Bf5 9. Nf3 Nd7 10. Ng3 Bg6 11. Qc2 O-O-O 12. Nf5 Nxf5 13. Bxf5 Kb8 14. O-O-O
Rde8 15. Bxg6 hxg6 16. h3 Nf6 17. Rhe1 Re7 18. Kb1 Rhe8 19. Re2 Ne4 20. Rde1
Qd7 21. Ng5 $4 Nxg5 22. Bxg5 Rxe2 23. Rxe2 Rxe2 24. Qxe2 Qf5+ 25. Ka1 Qxg5 26.
Qf1 Qd2 27. g3 a5 28. f4 a4 29. a3 Bxa3 30. bxa3 Qxc3+ 31. Kb1 Qxa3 32. Qe1
Qb3+ 33. Kc1 a3 34. Qa5 Qc4+ 35. Kb1 Qb5+ 36. Qxb5 cxb5 0-1

[Event "5. Bayer Open"]
[Site "Leverkusen"]
[Date "2008.01.28"]
[Round "2"]
[White "Blomeyer, Peter"]
[Black "Runte, Dirk"]
[Result "1-0"]
[WhiteElo "1855"]
[BlackElo "1613"]
[PlyCount "63"]
[EventDate "2008.01.14"]
[EventType "swiss"]
[EventRounds "7"]
[EventCountry "GER"]
[Source "Birnkott,Manfre"]
[SourceDate "2008.04.23"]

1. c4 Nf6 2. Nc3 g6 3. g3 Bg7 4. Bg2 c5 5. Nf3 Nc6 6. O-O d6 7. Rb1 Bd7 8. a3
a6 9. b4 cxb4 10. axb4 Rb8 11. b5 axb5 12. cxb5 Na7 13. Qa4 Ra8 14. Qb4 O-O 15.
d3 Nc8 16. Nd4 Qa5 17. Bxb7 Qxb4 18. Rxb4 Rb8 19. Bg2 Ne8 20. Be3 Nc7 21. Rfb1
e5 22. Nc6 Bxc6 23. Bxc6 Ne7 24. Bg2 d5 25. Bc5 e4 26. Nxe4 dxe4 27. Bxe7 Rfe8
28. Bd6 Nd5 29. Rxe4 Rxe4 30. Bxe4 Rd8 31. b6 Nc3 32. Bc7 1-0

[Event "5. Bayer Open"]
[Site "Leverkusen"]
[Date "2008.01.28"]
[Round "2"]
[White "Hasanovic, Huzeir"]
[Black "Romaker, Johann"]
[Result "0-1"]
[WhiteElo "1592"]
[BlackElo "1849"]
[PlyCount "56"]
[EventDate "2008.01.14"]
[EventType "swiss"]
[EventRounds "7"]
[EventCountry "GER"]
[Source "Birnkott,Manfre"]
[SourceDate "2008.04.23"]

1. f4 d5 2. Nf3 c5 3. b3 Nc6 4. e3 Nf6 5. Bb2 Bg4 6. Be2 e6 7. O-O Bd6 8. Nc3
O-O 9. h3 Bh5 10. Nb5 Bb8 11. a4 a6 12. Nc3 Qc7 13. Qe1 d4 14. Nd1 e5 15. g4
Bg6 16. Nh4 Bxc2 17. Bc4 exf4 18. exf4 Re8 19. Qg3 Qa5 20. Nf3 Ne4 21. Re1 Bd6
22. Qh2 Qc7 23. d3 Bxd1 24. Raxd1 Bxf4 25. Qe2 Be3+ 26. Kg2 Qg3+ 27. Kf1 Qxh3+
28. Qg2 Ng3# 0-1

[Event "5. Bayer Open"]
[Site "Leverkusen"]
[Date "2008.01.28"]
[Round "2"]
[White "Schmitz, Andreas"]
[Black "van Kempen, Susanne"]
[Result "1-0"]
[WhiteElo "1845"]
[BlackElo "1550"]
[PlyCount "61"]
[EventDate "2008.01.14"]
[EventType "swiss"]
[EventRounds "7"]
[EventCountry "GER"]
[Source "Birnkott,Manfre"]
[SourceDate "2008.04.23"]

1. Nf3 Nf6 2. c4 e6 3. g3 c6 4. Bg2 d5 5. b3 Qb6 6. cxd5 cxd5 7. O-O Be7 8. Bb2
O-O 9. d3 Nc6 10. Nbd2 a5 11. a3 Bd7 12. e3 Qa6 13. d4 b5 14. Ne5 Be8 15. Rc1
Bd6 16. Re1 Rc8 17. e4 Ne7 18. Ng4 Nxg4 19. Qxg4 dxe4 20. d5 Ng6 21. Qxe4 exd5
22. Qxd5 Rxc1 23. Rxc1 Ne7 24. Qd3 Bd7 25. Ne4 Nc8 26. Nxd6 Qxd6 27. Qxd6 Nxd6
28. Rd1 Be6 29. Rxd6 Bxb3 30. Rb6 Bc4 31. Bf1 1-0

[Event "5. Bayer Open"]
[Site "Leverkusen"]
[Date "2008.01.28"]
[Round "2"]
[White "Hoeper, Heinz-Joachim"]
[Black "Bosbach, Jens"]
[Result "0-1"]
[WhiteElo "1496"]
[BlackElo "1825"]
[PlyCount "106"]
[EventDate "2008.01.14"]
[EventType "swiss"]
[EventRounds "7"]
[EventCountry "GER"]
[Source "Birnkott,Manfre"]
[SourceDate "2008.04.23"]

1. d4 Nf6 2. Nf3 d6 3. h3 g6 4. Bg5 Bg7 5. c3 c6 6. Qc1 Qb6 7. Nbd2 Nbd7 8. Nc4
Qc7 9. Bh6 O-O 10. Bxg7 Kxg7 11. Qc2 b5 12. Ncd2 Nb6 13. Nh2 d5 14. g4 Nc4 15.
g5 Nh5 16. Nxc4 bxc4 17. e3 Bf5 18. Qd2 Be4 19. f3 Bf5 20. Ng4 Ng3 21. Qh2 Rac8
22. Rg1 Nxf1 23. Qxc7 Rxc7 24. Rxf1 Rb8 25. O-O-O Rcb7 26. Rd2 f6 27. gxf6+
exf6 28. e4 Bxg4 29. hxg4 Re7 30. Re2 Rbe8 31. Rfe1 Kf7 {
Schwarz bietet Remis an.} 32. Kd2 Rb8 33. Rb1 a5 34. b3 cxb3 35. Rxb3 Reb7 36.
Rxb7+ Rxb7 37. Kc2 Rb5 38. e5 Rb7 39. Rh2 Ke6 40. f4 fxe5 41. f5+ Kf6 42. dxe5+
Kxe5 43. Re2+ Kf4 44. f6 Rf7 45. Re6 Kxg4 46. Rxc6 h5 47. Rd6 h4 48. Rxd5 Rxf6
49. c4 h3 50. Rd2 Kg3 51. c5 h2 52. Rd1 Kg2 53. Rd2+ Rf2 0-1

[Event "5. Bayer Open"]
[Site "Leverkusen"]
[Date "2008.01.28"]
[Round "2"]
[White "Buchfelder, Gerhard"]
[Black "Friedsam, Manfred"]
[Result "0-1"]
[WhiteElo "1442"]
[BlackElo "1804"]
[PlyCount "98"]
[EventDate "2008.01.14"]
[EventType "swiss"]
[EventRounds "7"]
[EventCountry "GER"]
[Source "Birnkott,Manfre"]
[SourceDate "2008.04.23"]

1. e4 e6 2. Nf3 d5 3. exd5 exd5 4. d4 Bd6 5. Bd3 Ne7 6. O-O O-O 7. Re1 Re8 8.
c3 Nd7 9. Qc2 h6 10. Nbd2 Nf6 11. Nf1 Bg4 12. Ne5 Qc8 13. Ng3 c5 14. Nxg4 Qxg4
15. Be2 Qh4 16. Nf1 Ne4 17. Be3 Nf5 18. g3 Qf6 19. dxc5 Nxe3 20. fxe3 Qf2+ 21.
Kh1 Bxc5 22. Bd3 Qxc2 23. Bxc2 Nf2+ 24. Kg2 Ng4 25. Kf3 Ne5+ 26. Kg2 Nc4 27.
Bb3 Rad8 28. Rad1 Nxb2 29. Rxd5 Rxd5 30. Bxd5 b6 31. e4 Nd3 32. Re2 a5 33. Nd2
g6 34. Nb3 Kg7 35. Nxc5 Nxc5 36. Rb2 Nxe4 37. c4 Nc3 38. Bf3 Rb8 39. Rc2 Na4
40. Rd2 Nc5 41. Rd6 Kf8 42. Bd5 Ke7 43. Rc6 Ne6 44. Bxe6 fxe6 45. Rc7+ Kf6 46.
Kf3 b5 47. c5 a4 48. c6 Rb6 49. Rc8 Ke7 0-1

[Event "5. Bayer Open"]
[Site "Leverkusen"]
[Date "2008.01.28"]
[Round "2"]
[White "Wolf, Hans-Josef"]
[Black "Balduan, Karl-Heinz"]
[Result "0-1"]
[WhiteElo "1774"]
[BlackElo "1427"]
[PlyCount "58"]
[EventDate "2008.01.14"]
[EventType "swiss"]
[EventRounds "7"]
[EventCountry "GER"]
[Source "Birnkott,Manfre"]
[SourceDate "2008.04.23"]

1. d4 d5 2. Nf3 Nc6 3. Bf4 Nf6 4. e3 a6 5. c3 Bf5 6. Bd3 g6 7. Qe2 e6 8. Nbd2
Bd6 9. Ne5 Bxe5 10. dxe5 Nh5 11. g4 Bxd3 12. Qxd3 Ng7 13. O-O-O h5 14. h3 Qe7
15. Nf3 Qc5 16. Bg5 b5 17. Bf6 Rg8 18. Rhg1 Na5 19. b4 Qc4 20. bxa5 Qxa2 21.
Qd4 Qa3+ 22. Kc2 c5 23. Qf4 b4 24. Rc1 bxc3 25. Ra1 Qb2+ 26. Kd3 c4+ 27. Kd4
c2+ 28. Kc5 Rc8+ 29. Kd6 Qb8# 0-1

[Event "5. Bayer Open"]
[Site "Leverkusen"]
[Date "2008.01.28"]
[Round "2"]
[White "van Hove, Ode"]
[Black "Remmler, Dirk"]
[Result "1/2-1/2"]
[WhiteElo "1387"]
[BlackElo "1761"]
[PlyCount "45"]
[EventDate "2008.01.14"]
[EventType "swiss"]
[EventRounds "7"]
[EventCountry "GER"]
[Source "Birnkott,Manfre"]
[SourceDate "2008.04.23"]

1. e4 e6 2. d4 d5 3. Nc3 Bb4 4. Bd2 Nc6 5. exd5 exd5 6. Bb5 Nge7 7. h3 a6 8.
Bxc6+ Nxc6 9. Qe2+ Be6 10. Nf3 Qd7 11. O-O O-O 12. a3 Be7 13. Nd1 Rae8 14. c3
Bf6 15. Ne3 Bf5 16. Qd1 Be4 17. Ng4 Qf5 18. Nxf6+ Qxf6 19. Nh2 Re6 20. Ng4 Qh4
21. Bf4 Qe7 22. Re1 h5 23. Ne3 1/2-1/2

[Event "5. Bayer Open"]
[Site "Leverkusen"]
[Date "2008.01.28"]
[Round "2"]
[White "Mummel, Christian"]
[Black "Beinert, Katharina"]
[Result "0-1"]
[WhiteElo "1756"]
[BlackElo "1382"]
[PlyCount "54"]
[EventDate "2008.01.14"]
[EventType "swiss"]
[EventRounds "7"]
[EventCountry "GER"]
[Source "Birnkott,Manfre"]
[SourceDate "2008.04.23"]

1. c4 e6 2. Nf3 d5 3. g3 Nf6 4. Bg2 d4 5. O-O Bd6 6. d3 e5 7. b4 Nbd7 8. Qb3 c5
9. a3 Rb8 10. b5 O-O 11. a4 h6 12. a5 Qe7 13. Nfd2 Nh7 14. e3 Ndf6 15. Na3 Ng5
16. Nc2 Bh3 17. Bxh3 Nxh3+ 18. Kg2 Qe6 19. Bb2 Ng5 20. Kh1 Qh3 21. Ne1 Ng4 22.
Nef3 dxe3 23. fxe3 e4 24. dxe4 Bxg3 25. Qd3 Nxh2 26. Ng1 Qh5 27. Qe2 Nhf3+ 0-1

[Event "5. Bayer Open"]
[Site "Leverkusen"]
[Date "2008.01.28"]
[Round "2"]
[White "Erdmann, Kristian"]
[Black "von Oppenkowski, Roman"]
[Result "1-0"]
[WhiteElo "1741"]
[BlackElo "1325"]
[PlyCount "91"]
[EventDate "2008.01.14"]
[EventType "swiss"]
[EventRounds "7"]
[EventCountry "GER"]
[Source "Birnkott,Manfre"]
[SourceDate "2008.04.23"]

1. e4 e5 2. Nf3 Nc6 3. Bc4 Bc5 4. c3 Nf6 5. d4 exd4 6. cxd4 Bb4+ 7. Bd2 d5 8.
exd5 Nxd5 9. Bxb4 Ncxb4 10. a3 Nc6 11. O-O O-O 12. Nc3 Nce7 13. Re1 c6 14. Ne5
f6 15. Nd3 Kh8 16. Nc5 b6 17. Ne6 Bxe6 18. Rxe6 Qd7 19. Qe1 Nf5 20. Rd1 Nf4 21.
Re4 Nd5 22. Qd2 Nxc3 23. Qxc3 Nd6 24. Re6 Nb5 25. Qe3 Rfe8 26. Qh3 Rxe6 27.
Bxe6 Qd6 28. Bf5 h6 29. Qg4 Kg8 30. Qg6 Kf8 31. Qh7 Qd5 32. Be4 Qe6 33. Qh8+
Kf7 34. Qxa8 Qxe4 35. d5 Qe2 36. Rf1 cxd5 37. Qxd5+ Kg6 38. Qd1 Qxb2 39. Qd3+
f5 40. Rb1 Qxa3 41. Qxb5 Qd6 42. Rc1 Qd2 43. Qc6+ Kg5 44. g3 a5 45. Qc3 Qd5 46.
Qxg7+ 1-0

[Event "5. Bayer Open"]
[Site "Leverkusen"]
[Date "2008.01.28"]
[Round "2"]
[White "Seelig, Jochen"]
[Black "Liebsch, Ulrich"]
[Result "0-1"]
[WhiteElo "1379"]
[BlackElo "1732"]
[PlyCount "68"]
[EventDate "2008.01.14"]
[EventType "swiss"]
[EventRounds "7"]
[EventCountry "GER"]
[Source "Birnkott,Manfre"]
[SourceDate "2008.04.23"]

1. c4 e5 2. e4 Nf6 3. Nc3 Bc5 4. h3 Nc6 5. d3 h6 6. Nge2 a6 7. a3 d6 8. b4 Ba7
9. Qb3 O-O 10. g4 Be6 11. Nd1 Nh7 12. a4 Qh4 13. b5 axb5 14. Qxb5 Nd4 15. Nxd4
Bxd4 16. Rb1 Bxg4 17. Ne3 Bc8 18. Rg1 Ng5 19. Rg3 Ra6 20. a5 Bc3+ 21. Bd2 Bxd2+
22. Kxd2 Qf4 23. Ke2 c6 24. Qb4 Ne6 25. Nf5 g6 26. Rf3 Qg5 27. Rg3 c5 28. Qc3
Qd8 29. Nxh6+ Kh7 30. Qd2 Nf4+ 31. Kf3 Kxh6 32. Be2 Kg7 33. Rbg1 Qf6 34. Ke3
Ng2+ 0-1

[Event "5. Bayer Open"]
[Site "Leverkusen"]
[Date "2008.01.28"]
[Round "2"]
[White "Schmald, Nikolai"]
[Black "Azimi, Reza"]
[Result "1-0"]
[WhiteElo "1722"]
[BlackElo "1321"]
[PlyCount "47"]
[EventDate "2008.01.14"]
[EventType "swiss"]
[EventRounds "7"]
[EventCountry "GER"]
[Source "Birnkott,Manfre"]
[SourceDate "2008.04.23"]

1. e4 c5 2. c3 a6 3. d4 cxd4 4. cxd4 e6 5. Nf3 Qb6 6. Bd3 Bb4+ 7. Nc3 Nf6 8.
O-O d5 9. e5 Nfd7 10. Qc2 f5 11. Nxd5 Qc6 12. Qxc6 Nxc6 13. Nc7+ Kd8 14. Nxa8
b5 15. Ng5 Ke7 16. Be3 h6 17. Nf3 Bb7 18. Nc7 Ba5 19. Nxe6 Kxe6 20. d5+ Kxd5
21. Bxf5 Ndxe5 22. Rfd1+ Kc4 23. Be6+ Kb4 24. a3+ 1-0

[Event "5. Bayer Open"]
[Site "Leverkusen"]
[Date "2008.01.28"]
[Round "2"]
[White "Kayser, Manfred"]
[Black "van Kempen, Heinz"]
[Result "0-1"]
[WhiteElo "1182"]
[BlackElo "1722"]
[PlyCount "80"]
[EventDate "2008.01.14"]
[EventType "swiss"]
[EventRounds "7"]
[EventCountry "GER"]
[Source "Birnkott,Manfre"]
[SourceDate "2008.04.23"]

1. d4 Nf6 2. e3 e6 3. c4 d5 4. Nc3 b6 5. Nf3 Bb7 6. Be2 Nbd7 7. O-O Be7 8. Bd3
O-O 9. a3 dxc4 10. Bxc4 Ne4 11. d5 Nxc3 12. bxc3 exd5 13. Bxd5 Bxd5 14. Qxd5
Nf6 15. Qd4 c5 16. Qc4 Qd5 17. Qxd5 Nxd5 18. c4 Bf6 19. Rb1 Nc3 20. Rb2 Ne4 21.
Rc2 Rad8 22. Bb2 Bxb2 23. Rxb2 Rd3 24. Ra2 Rc3 25. Ne5 f6 26. Nc6 Rxc4 27. Nxa7
Ra8 28. Nc6 Rca4 29. Rb2 Rxa3 30. Rxb6 Nd2 31. Rd1 c4 32. g3 c3 33. Nd4 Rd8 34.
Kg2 Rc8 35. Rc1 Ra2 36. Nc6 Re8 37. Rxc3 Ne4 38. Rd3 Rxf2+ 39. Kh3 Ng5+ 40. Kg4
Re4+ 0-1

[Event "5. Bayer Open"]
[Site "Leverkusen"]
[Date "2008.01.28"]
[Round "2"]
[White "Gülden, Ralf"]
[Black "Liebsch, Felix"]
[Result "1-0"]
[WhiteElo "1699"]
[BlackElo "1147"]
[PlyCount "47"]
[EventDate "2008.01.14"]
[EventType "swiss"]
[EventRounds "7"]
[EventCountry "GER"]
[Source "Birnkott,Manfre"]
[SourceDate "2008.04.23"]

1. d4 d5 2. c4 e6 3. Nf3 Nf6 4. e3 Nc6 5. Nc3 Be7 6. Bd3 O-O 7. O-O b6 8. a3 a6
9. Qc2 Bb7 10. cxd5 Nxd5 11. Nxd5 exd5 12. Bxh7+ Kh8 13. Bd3 Re8 14. Qe2 Bf6
15. Bd2 Bxd4 16. Nxd4 Kg8 17. Nxc6 Bxc6 18. Qh5 a5 19. Bc3 Qd7 20. Qh7+ Kf8 21.
Qxg7+ Ke7 22. Qg5+ Kf8 23. Bg7+ Kg8 24. Bf6+ 1-0

[Event "5. Bayer Open"]
[Site "Leverkusen"]
[Date "2008.01.28"]
[Round "2"]
[White "Reiter, Ute"]
[Black "Witte, Volker"]
[Result "0-1"]
[WhiteElo "1119"]
[BlackElo "1673"]
[PlyCount "64"]
[EventDate "2008.01.14"]
[EventType "swiss"]
[EventRounds "7"]
[EventCountry "GER"]
[Source "Birnkott,Manfre"]
[SourceDate "2008.04.23"]

1. e4 c6 2. d4 d5 3. Nc3 dxe4 4. Nxe4 Bf5 5. Nc3 e6 6. Be3 Nf6 7. h3 Bb4 8.
Nge2 Ne4 9. a3 Bxc3+ 10. Nxc3 Nxc3 11. bxc3 Qa5 12. Bd2 Nd7 13. c4 Qc7 14. c5
Nf6 15. g4 Be4 16. Rg1 Qh2 17. Rg3 Bd5 18. Bd3 O-O-O 19. Be3 h5 20. Bf1 h4 21.
g5 hxg3 22. gxf6 g2 23. fxg7 gxf1=Q+ 24. Kxf1 Qg2+ 25. Ke1 Qxg7 26. Kd2 Rxh3
27. c3 Rh1 28. Qxh1 Bxh1 29. Rxh1 Rh8 30. Rb1 Qg2 31. a4 Qd5 32. a5 Qa2+ 0-1